=LDR 00000nam 2200000 4500 =001 INLIS000000000043556 =005 20131008103426 =008 ***********************************ind** =035 ##$$0010-101300000001478 =041 ##$$a ind =082 ##$$a 2X7.38 =090 ##$$a 2X7.38, Goj m =100 ##$$a Gojali, Nanang =245 ##$$a Masnusia pendidikan dan sains dalam prespektif tofses hermeneutik, Nanang Gojali =260 ##$$a 2004 $b Jakarta =300 ##$$a viii, 193 hlm, 20 cm =650 ##$$a Pendidikan Tinggi Islam =850 ##$$a NBPNMAT